Statistiken für Alle Filme von Oliver Stone

Klicken Sie hier um das Quiz zu spielen!

Allgemein

  • Dieses Quiz wurde 15 mal gespielt
  • Das Durchschnittsergebnis liegt bei 9 aus 19

Antwortstatistiken

TitelJahr% Korrekt
JFK - Tatort Dallas1991
90%
Platoon1986
90%
Geboren am 4. Juli1989
70%
Natural Born Killers1994
70%
Wall Street1987
70%
Wall Street: Geld schläft nicht2010
70%
W. - Ein missverstandenes Leben2008
70%
Snowden2016
60%
Alexander2004
40%
An jedem verdammten Sonntag1999
30%
Die Hand1981
30%
Nixon - Der Untergang eines Präsidenten1995
30%
Salvador1986
30%
The Doors1991
30%
U-Turn - Kein Weg zurück1997
30%
World Trade Center2006
30%
Savages2012
20%
Zwischen Himmel und Hölle1993
20%
Talk Radio1988
10%

Verteilung der Resultate

Perzentil nach korrekt beantworteten Fragen

Anzahl Personen mit jedem Resultat

Ihre Resultats-Entwicklung

Sie haben dieses Quiz noch nicht gespielt